读经乐--实用读经攻略 = A strategem for joyful Bible study : (Record no. 25724)
[ view plain ]
| 000 -LEADER | |
|---|---|
| fixed length control field | 00637nam a2200145 4500 |
| 008 - FIXED-LENGTH DATA ELEMENTS--GENERAL INFORMATION | |
| fixed length control field | 050525s2004 cc chi |
| 020 ## - INTERNATIONAL STANDARD BOOK NUMBER | |
| International Standard Book Number | 9867647823 : |
| Terms of availability | HK65/Php407.22 |
| 090 ## - LOCALLY ASSIGNED LC-TYPE CALL NUMBER (OCLC); LOCAL CALL NUMBER (OCLC) | |
| Classification number (OCLC) (R) ; Classification number, CALL (RLIN) (NR) | BS600.2 |
| Local cutter number (OCLC) ; Book number/undivided call number, CALL (RLIN) | M11s |
| 100 1# - MAIN ENTRY--PERSONAL NAME | |
| Personal name | 马有藻Ma, Denny Y. C. |
| 245 10 - TITLE STATEMENT | |
| Title | 读经乐--实用读经攻略 = A strategem for joyful Bible study : |
| Remainder of title | a practical guide {ch} / |
| Statement of responsibility, etc | 马有藻Denny Y. C. Ma. |
| 260 ## - PUBLICATION, DISTRIBUTION, ETC. (IMPRINT) | |
| Place of publication, distribution, etc | Taiwan : |
| Name of publisher, distributor, etc | 華人基督徒培訓供應中心 Chinese Christian Training Resources Center, |
| Date of publication, distribution, etc | 2004. |
| 300 ## - PHYSICAL DESCRIPTION | |
| Extent | vi, 185 p. |
| 630 04 - SUBJECT ADDED ENTRY--UNIFORM TITLE | |
| Uniform title | Bible |
| General subdivision | Study and teaching |
| -- | Guide {ch} |
| 951 ## - EQUIVALENCE OR CROSS-REFERENCE-GEOGRAPHIC NAME/AREA NAME [OBSOLETE] [CAN/MARC only] | |
| General subdivision | 00032181 |
| 951 ## - EQUIVALENCE OR CROSS-REFERENCE-GEOGRAPHIC NAME/AREA NAME [OBSOLETE] [CAN/MARC only] | |
| -- | C-7111 |
| -- | BS600.2/M11s-3 |
| -- | 070613111538765 |
| -- | 2000-12-21 |
| -- | CH |
| Withdrawn status | Lost status | Damaged status | Not for loan | Home library | Current library | Shelving location | Date acquired | Accession number | Shelving control number | Total Checkouts | Full call number | Barcode | Date last seen | Price effective from | Koha item type |
|---|---|---|---|---|---|---|---|---|---|---|---|---|---|---|---|
| BSOP Library | BSOP Library | Chinese Books (General Circulation) | 12/21/2000 | C-7111 | 127 | BS600.2/M11s-3 | 00032181 | 02/23/2013 | 02/23/2013 | Books |
